000 01054 a2200289 4500
999 _c7148
_d7148
020 _a020565956X (combined)
020 _a9780205659562 (combined)
020 _a0205659586 (vol. 1)
020 _a9780205659586 (vol. 1)
020 _a0205659594 (vol. 2)
020 _a9780205659593 (vol. 2)
020 _a0131360205 (AP edition)
020 _a9780131360204 (AP edition)
050 0 0 _aCB69. ALD 2012
100 _aAlder, Philip, J
_eauthor
245 0 0 _aWorld civilizations :
_bthe global experience /
_cPeter N. Stearns ... [et al.].
250 _a6th ed., Combined vol.
264 _aNew York:
_bWadsworth.,
_c2012
300 _axxi, 1009, [41] p. :
_bill. (chiefly col.), col. maps ;
500 _aIncludes bibliographical references and index.
504 _aIncludes bibliographical references and index.
650 0 _aCivilization
_xHistory.
650 0 _aCivilization
_xHistory
700 1 _aStearns, Peter N.
942 _2lcc
_cBK
_h69
_iADL
_kCB